Statistiche per Stati della Comunità politica europea

Clicka qui per fare il quiz!

Statistiche generali

  • Questo quiz è stato fatto 6 volte
  • Il punteggio medio è 42 su 47

Statistiche sulle risposte

Stato% Corretto
Albania
100%
Andorra
100%
Belgio
100%
Bosnia ed Erzegovina
100%
Bulgaria
100%
Croazia
100%
Danimarca
100%
Francia
100%
Germania
100%
Grecia
100%
Irlanda
100%
Islanda
100%
Italia
100%
Kosovo
100%
Lussemburgo
100%
Montenegro
100%
Norvegia
100%
Paesi Bassi
100%
Polonia
100%
Regno Unito
100%
Serbia
100%
Slovenia
100%
Spagna
100%
Svezia
100%
Svizzera
100%
Ucraina
100%
Armenia
80%
Austria
80%
Cipro
80%
Estonia
80%
Finlandia
80%
Lettonia
80%
Liechtenstein
80%
Lituania
80%
Macedonia del Nord
80%
Malta
80%
Moldavia
80%
Monaco
80%
Portogallo
80%
Repubblica Ceca
80%
Romania
80%
San Marino
80%
Slovacchia
80%
Turchia
80%
Ungheria
80%
Azerbaigian
60%
Georgia
40%

Distribuzione punteggi

Percentile per numero di risposta

Percentuale di utenti per punteggio

I tuoi punteggi nel tempo

Non hai fatto questo quiz